BIBLIOTHÈQUE DE LA MAISON DU MEXIQUE

Logo 1 Logo 2

Mito y poder en las organizaciones (notice nᵒ 6565)

détails MARC
000 -Sello discográfico
campo de control de longitud fija 01128nam a2200325 4500
005 - Identificación de versión
campo de control 20251016084702.0
010 ## - Número Estándar Internacional de Libros (ISBN)
Número (ISBN) 968-840-096-3
099 ## - fechas locales
Tipo de ítem Koha LIBRO
100 ## - Datos de procesamiento general
Datos de procesamiento general 20230628d1984 m y1spay5003 ba
105 ## - Campo de datos codificados: Material textual, monográfico
Datos codificados de monografía y 001zy
200 1# - Título y mención de responsabilidad
Título propio Mito y poder en las organizaciones
Designación general del material texto impreso
Otra información del título notas para un análisis crítico de la Administración
Primer mención de responsabilidad Eduardo Ibarra C., Luis Montaño H.
205 ## - Declaración de edición
Declaración de edición 1a ed
210 ## - Publicación, distribución, etc.
Lugar de publicación, distribución, etc. México
Nombre del editor, distribuidor, etc. Universidad Autónoma Metropolitana, Unidad Iztapalapa
Fecha de publicación, distribución, etc. 1984
215 ## - Descripción física
Designación de material específico y extensión del ítem 179 p
Dimensiones 17 cm
345 ## - Nota de información de adquisición
Fuente de adquisición/dirección de la suscripción [OBSOLETO] Donación
410 #1 - Series
Título Cuadernos Universitarios
Número de volumen 10
606 ## - Término temático usado como materia
Elemento de entrada Administración industrial
Número Koha 12467
606 ## - Término temático usado como materia
Elemento de entrada Administración
Subdivisión temática Estudio y enseñanza
Número Koha 12465
606 ## - Término temático usado como materia
Elemento de entrada Organización
Número Koha 12468
660 ## - Código de área geográfica
Código MX
700 ## - Nombre personal - Responsabilidad primaria
Elemento de entrada Ibarra Colado
Parte del nombre distinta del elemento de entrada Eduardo
Fechas 1957-
Número Koha 2433
701 ## - Nombre personal - Responsabilidad alternativa
Elemento de entrada Montaño Hirose
Parte del nombre distinta del elemento de entrada Luis
Fechas 1952-
Número Koha 2434
801 #0 - Fuente de origen
País FR
Agencia cm
Reglas de catalogación (convenciones descriptivas) AFNOR
900 ## -
-- 1/22132
900 ## -
-- 7100417642\080104
942 ## - ELEMENTOS DE ENTRADA SECUNDARIOS (KOHA)
Tipo de ítem Koha Livre
996 ## -
-- MEX
-- 751145101
-- MMAG
-- 008118
-- 658.30 I121M
-- 20230628LIV
Exemplaires
Estatus retirado Estado de daño Estado de pérdida Fecha de adquisición Biblioteca de origen Biblioteca actual Ubicación en estantería Código de barras Precio de reemplazo Signatura topográfica completa No para préstamo Tipo de ítem Koha Nota pública Nota no pública
      05/08/2025 Casa México Paris Casa México Paris   008118 05/08/2025 658.30 I121M   Livre 20230628LIV 751145101